Transformée de Fourier - Statistiques

Statistiques générales
  • Ce quiz a été pris 4 fois
  • Le résultat moyen est 6 sur 18
Statistiques - réponses
Hint Réponse % Correct
50%
50%
50%
50%
50%
25%
25%
25%
25%
25%
25%
25%
25%
25%
25%
25%
25%
0%
Aucun quiz correspondant
Distribution des résultats
% des personnes avec chaque résultat
Percentile par nombre de réponses
Votre historique - résultats
Vous n’avez pas pris ce quiz